Slovensko-ruská spolupráca v oblasti energetiky
Spolupráca SR v jej vzťahu k Ruskej federácii sa rozvíja predovšetkým v oblasti energetiky. Slovensko má obmedzené zásoby palivovo-energetických zdrojov, predovšetkým ropy a zemného plynu, preto je odkázané na ich dovoz. Práve Rusko je ich dodávateľom, zároveň je významným partnerom v oblasti jadrov...
Uložené v:
| Hlavný autor: | |
|---|---|
| Ďalší autori: | |
| Médium: | Kapitola |
| Jazyk: | Slovak |
| Predmet: | |
| Tagy: |
Žiadne tagy, Buďte prvý, kto otaguje tento záznam!
|
MARC
| LEADER | 00000naa$a2200000$$$4500 | ||
|---|---|---|---|
| 001 | 0091368 | ||
| 005 | 20240502072023.3 | ||
| 041 | 0 | |a slo | |
| 044 | |a SK | ||
| 245 | 1 | 0 | |a Slovensko-ruská spolupráca v oblasti energetiky |c Kristína Drieniková, Viera Gavaľová |
| 520 | |a Spolupráca SR v jej vzťahu k Ruskej federácii sa rozvíja predovšetkým v oblasti energetiky. Slovensko má obmedzené zásoby palivovo-energetických zdrojov, predovšetkým ropy a zemného plynu, preto je odkázané na ich dovoz. Práve Rusko je ich dodávateľom, zároveň je významným partnerom v oblasti jadrovej energetiky. SR je významným tranzitným územím v preprave energetických zdrojov z Ruska na európsky trh. | ||
| 610 | 2 | 0 | |a Slovensko |
| 610 | 2 | 0 | |a Rusko |
| 610 | 2 | 0 | |a spolupráca hospodárska medzinárodná |
| 610 | 2 | 0 | |a ropa |
| 610 | 2 | 0 | |a plyn zemný |
| 610 | 2 | 0 | |a energetika |
| 610 | 2 | 0 | |a tranzit |
| 100 | 1 | |a Drieniková, Kristína, 1982- | |
| 700 | 1 | |a Gavaľová, Viera | |